00771nam a2200193 a 4500001001000000005001700010008004100027041000800068044000700076050002200083100003900105245012800144260002900272300001600301502008400317610011900401650002500520650003200545BRCA_383220190320204435.0011209s1999----mx-a######---#000-0#spa-u aspa amx 4aNK7114b.C35 19991 aCalero Martínez de Irujo, Teresa10aCatálogo comentado de la colección de plata mexicana de la Fundación Cultural Antonio Haghenbeck y de la Lama, I.A.P. aCiudad de Méxicoc1999 a210 p.bil. aTesis Licenciatura (Licenciado en Historia del Arte) Universidad Iberoamericana24aFundación Cultural Antonio Haghenbeck y de la Lama I.A.P. (Ciudad de México)vCatálogosxColecciones de arte14aPlateríazMéxico14aPlata mexicanavCatálogos